Global environment: institutions, law and policy (Record no. 1225887)

MARC details
000 -LEADER
fixed length control field 00688nam a2200229Ia 4500
005 - DATE AND TIME OF LATEST TRANSACTION
control field 20241129105756.0
008 - FIXED-LENGTH DATA ELEMENTS--GENERAL INFORMATION
fixed length control field 241129s9999||||xx |||||||||||||| ||und||
020 ## - INTERNATIONAL STANDARD BOOK NUMBER
International Standard Book Number 978-1-5443-3014-3
037 ## - SOURCE OF ACQUISITION
Stock number TB
040 ## - CATALOGING SOURCE
Original cataloging agency ARTS
Language of cataloging eng
Transcribing agency ARTS
041 ## - LANGUAGE CODE
Language code of text/sound track or separate title eng
Source of code eng
084 ## - COLON CLASSIFICATION NUMBER
Classification number G:55.1 R0
Assigning agency ARTS
100 ## - MAIN ENTRY--PERSONAL NAME
Personal name Axelrod Regina S. Ed.; VanDeveer Stacy D. Ed.
9 (RLIN) 724694
245 #0 - TITLE STATEMENT
Title Global environment: institutions, law and policy
Statement of responsibility, etc. Axelrod Regina S. Ed.; VanDeveer Stacy D. Ed.
250 ## - EDITION STATEMENT
Edition statement 5th
260 ## - PUBLICATION, DISTRIBUTION, ETC.
Place of publication, distribution, etc. Califoirnia, USA
Name of publisher, distributor, etc. Califoirnia Sage
Date of publication, distribution, etc. 2020
300 ## - PHYSICAL DESCRIPTION
Extent xxiii,454p.
365 ## - TRADE PRICE
Price type code USD
Price amount 60
650 ## - SUBJECT ADDED ENTRY--TOPICAL TERM
Topical term or geographic name entry element Biology
942 ## - ADDED ENTRY ELEMENTS (KOHA)
Koha item type Textbook
Classification part G:55.1 R0

No items available.

Copyright @ Delhi University Library System